Alphabetical World Capitals A-L Quiz Stats

 Plays Quiz not verified by Sporcle

Also try: G8 (+5) Countries
Challenge
Share
Tweet
Embed
Score 0/95 Timer 15:00
0 Plays Today
% Correct
Abuja
94.7%
Accra
94.4%
Abu Dhabi
94.2%
Addis Ababa
94%
Amsterdam
92.5%
Athens
92.3%
Astana
92.1%
Algiers
91.5%
Andorra la Vella
91.1%
Ankara
90.6%
Asmara
90.4%
Berlin
89.8%
Antananarivo
89.7%
Amman
89.4%
Belmopan
89.4%
Baghdad
89.1%
Baku
89%
Brasília
89%
Beijing
88.9%
Asunción
88.5%
Apia
88.2%
Bamako
87.8%
Cairo
87.6%
Budapest
87.1%
Bern
87%
Bucharest
86.9%
Bujumbura
86.9%
Bratislava
86.7%
Bandar Seri Begawan
86.5%
Canberra
86%
Bangui
85.8%
Buenos Aires
85.6%
% Correct
Bogotá
85.2%
Jakarta
84.8%
Bangkok
84.7%
Banjul
84.7%
Brussels
84.1%
Beirut
84%
Bishkek
83.2%
Islamabad
82.8%
Jerusalem
82.8%
Ashgabat
82.6%
Helsinki
82.6%
Freetown
82.6%
Caracas
82.4%
Dublin
82.2%
Hanoi
82.2%
Funafuti
82.1%
London
81.9%
Belgrade
81.9%
Georgetown
81.9%
Kigali
81.8%
Brazzaville
81.5%
Copenhagen
81.4%
Luxembourg
80.8%
Dakar
80.7%
Havana
80.7%
Dushanbe
80.6%
Lisbon
80.5%
Dhaka
80.5%
Luanda
80%
Lusaka
79.9%
Basseterre
79.7%
Gaborone
79.4%
% Correct
Kabul
79.4%
Harare
79.1%
Castries
78.9%
Bridgetown
78.6%
Kingston
78.6%
Dodoma
78.3%
Guatemala City
78%
Lima
78%
Dili
77.8%
Doha
77.8%
Djibouti
77.5%
Bissau
77.4%
Damascus
77.3%
Kingstown
77.3%
Chisinau
77.2%
Kathmandu
76.2%
Kampala
75.5%
Honiara
74.7%
Kinshasa
74.5%
Conakry
74.4%
Kiev
74.2%
La Paz
74.1%
Khartoum
73.5%
Kuwait City
73.4%
Lomé
73.2%
Lilongwe
71.3%
Kuala Lumpur
69.6%
Ljubljana
69.5%
Colombo
63.4%
Libreville
62.8%
Juba
48.5%

You're not logged in!

Compare scores with friends on all Sporcle quizzes.
OR
Log In

You Might Also Like...

Show Comments

Extras

Top Quizzes Today


Score Distribution

Your Account Isn't Verified!

In order to create a playlist on Sporcle, you need to verify the email address you used during registration. Go to your Sporcle Settings to finish the process.

Report this User

Report this user for behavior that violates our Community Guidelines.

Details: